000 00776nam a2200301Ia 4500
001 23152
003 IT-RoPAU
008 130308s9999 xx 000 0 und d
040 _aIT-RoPAU
040 _cIT-RoPAU
041 _aINGLESE
100 _aBeckett Francis
100 _gCodice Aut. SPICS: 6601
245 _aPress and Prejudice
245 _bTrade Unions And The Media
250 _a2a ed.
260 _aLONDON
260 _bMacmillan
260 _c1978 [1° Ed.:1977 - Ed.Ling.Originale:1977]
300 _a"18 p. (prefazione: no ; testo: 18 [pagine: 32-49])"
500 _aStampa e Pregiudizio
650 _aSAGGI DI COMUNICAZIONE SOCIALE
650 _eCodice materia Spics: 3807
942 _cBK
957 _71
999 _c45328
_d45328
999 _bSI
999 _g1